Statistics for Top 100 Greatest NBA Players by Team

Click here to take the quiz!

General Stats

  • This quiz has been taken 97 times
  • The average score is 25 of 28

Answer Stats

Team Players % Correct
BullsMichael Jordan | Scottie Pippen | Artis Gilmore
100%
CavaliersLeBron James | Mark Price
100%
CelticsLarry Bird | Bill Russell | John Havlicek | Kevin McHale | Bob Cousy | Paul Pierce | Dave Cowens | Robert Parish | Sam Jones | Dennis Johnson
99%
76ersJulius Erving | Moses Malone | Charles Barkley | Allen Iverson | Dolph Schayes | Billy Cunningham | Maurice Cheeks | Bobby Jones
98%
LakersKareem Abdul-Jabbar | Magic Johnson | Shaquille O'Neal | Kobe Bryant | Jerry West | Elgin Baylor | George Mikan | James Worthy | Gail Goodrich
95%
HeatDwyane Wade | Alonzo Mourning
94%
MavericksDirk Nowitzki
94%
ClippersChris Paul | Bob McAdoo | Blake Griffin
93%
JazzKarl Malone | John Stockton | Pete Maravich | Adrian Dantley
92%
WarriorsWilt Chamberlain | Stephen Curry | Rick Barry | Chris Mullin | Paul Arizin | Nate Thurmond
92%
RocketsHakeem Olajuwon | Yao Ming | James Harden
91%
SpursTim Duncan | David Robinson | George Gervin | Tony Parker | Manu Ginobili
91%
MagicTracy McGrady | Dwight Howard
89%
PistonsIsiah Thomas | Dennis Rodman | Bob Lanier | Joe Dumars | Grant Hill | Dave DeBusschere | Chauncey Billups
89%
KnicksPatrick Ewing | Walt Frazier | Willis Reed | Bernard King | Earl Monroe
88%
SuperSonics / ThunderKevin Durant | Gary Payton | Russell Westbrook | Shawn Kemp
88%
RaptorsVince Carter | Chris Bosh
88%
PacersReggie Miller
86%
TimberwolvesKevin Garnett | Kevin Love
86%
GrizzliesPau Gasol | Marc Gasol
86%
HawksBob Pettit | Dominique Wilkins | Lenny Wilkens
85%
NuggetsCarmelo Anthony | Alex English | Dikembe Mutombo | David Thompson
85%
SunsSteve Nash
83%
KingsOscar Robertson | Chris Webber | Nate Archibald | Jerry Lucas
83%
NetsJason Kidd
82%
Trail BlazersClyde Drexler | Bill Walton
80%
WizardsElvin Hayes | Wes Unseld
70%
BucksRay Allen | Sidney Moncrief
65%

Score Distribution

Percentile by Number Answered

Percent of People with Each Score

Your Score History

You have not taken this quiz